NLSUI OPAC header image

Globalisation and labour : The new great transformation (Record no. 20406)

MARC details
000 -LEADER
fixed length control field 00902nam a2200229Ia 4500
003 - CONTROL NUMBER IDENTIFIER
control field OSt
005 - DATE AND TIME OF LATEST TRANSACTION
control field 20211023161806.0
008 - FIXED-LENGTH DATA ELEMENTS--GENERAL INFORMATION
fixed length control field 160316s2002 xxu||||| |||| 00| 0 eng d
020 ## - INTERNATIONAL STANDARD BOOK NUMBER
International Standard Book Number 9781842770702
040 ## - CATALOGING SOURCE
Transcribing agency n
082 ## - DEWEY DECIMAL CLASSIFICATION NUMBER
Classification number 331.210000
Item number MUN
100 ## - MAIN ENTRY--PERSONAL NAME
Personal name Munck Ronald
245 ## - TITLE STATEMENT
Title Globalisation and labour : The new great transformation
260 ## - PUBLICATION, DISTRIBUTION, ETC.
Place of publication, distribution, etc. Delhi
Name of publisher, distributor, etc. Madhyam Books
Date of publication, distribution, etc. 2002
300 ## - PHYSICAL DESCRIPTION
Extent 216p
Dimensions v
365 ## - TRADE PRICE
Price amount Rs.250
505 ## - FORMATTED CONTENTS NOTE
Formatted contents note Table of contents<br/>1. Labour in the Global;<br/>2. The 'Golden Era';<br/>3. The Era of Globalisation;<br/>4. Workers North;<br/>5. Workers South;<br/>6. The 'Old' Internationalism;<br/>7. The New Internationalism;<br/>8. Results and Prospects
650 ## - SUBJECT ADDED ENTRY--TOPICAL TERM
Topical term or geographic name entry element 1. International Labor Activities.2. Globalization.
700 ## - ADDED ENTRY--PERSONAL NAME
Personal name
--
856 ## - ELECTRONIC LOCATION AND ACCESS
Uniform Resource Identifier <a href="https://www.google.co.in/books/edition/Globalisation_and_Labour/vNJtE4lQ0kMC?hl=en&gbpv=1&printsec=frontcover">https://www.google.co.in/books/edition/Globalisation_and_Labour/vNJtE4lQ0kMC?hl=en&gbpv=1&printsec=frontcover</a>
942 ## - ADDED ENTRY ELEMENTS (KOHA)
Source of classification or shelving scheme Dewey Decimal Classification
Koha item type BOOKs
Holdings
Withdrawn status Lost status Damaged status Not for loan Home library Current library Shelving location Date acquired Cost, normal purchase price Total Checkouts Full call number Barcode Date last seen Price effective from Koha item type
        . .   30.05.2017 250.00   331.21 MUN 18530 30.05.2017 30.05.2017 BOOKs